[Event "18. Open de la Constitución 2016"]
[Site "San Sebastian de los Reyes ES"]
[Date "2016.12.11"]
[Round "9.14"]
[White "Anton Quevedo, Andrea"]
[Black "De Dompablo Fantova, Juan"]
[Result "1-0"]
[WhiteElo "1907"]
[BlackElo "1651"]
[PlyCount "67"]
[EventDate "2016.12.03"]
[EventType "swiss"]
[EventRounds "9"]
[EventCountry "ESP"]
[SourceTitle "Ajedrez en Madrid"]
[Source "lmi"]
[SourceDate "2016.12.03"]

1. e4 g6 2. d4 Bg7 3. Nf3 d6 4. h3 Nf6 5. Nc3 O-O 6. Bf4 a6 7. Bd3 c5 8. dxc5
dxc5 9. a4 Nc6 10. O-O Nd4 11. Re1 Nd7 12. e5 Nb6 13. a5 Nd5 14. Nxd5 Qxd5 15.
Be4 Qd8 16. Nxd4 cxd4 17. Qf3 e6 18. Ra4 f5 19. Bxb7 Bxb7 20. Qxb7 g5 21. Bd2
h5 22. Qb6 Qxb6 23. axb6 d3 24. cxd3 Rfd8 25. d4 Rab8 26. Rc1 Bxe5 27. Bc3 Bf6
28. Rxa6 Rb7 29. Ba5 Bxd4 30. Rc7 Rd7 31. Ra8+ Kf7 32. Rd8 Rdxc7 33. bxc7 Rxb2
34. Rxd4 1-0

[Event "18. Open de la Constitución 2016"]
[Site "San Sebastian de los Reyes ES"]
[Date "2016.12.11"]
[Round "9.15"]
[White "Rottenwoerer, Christoph"]
[Black "Bustos Serrano, Doroteo"]
[Result "1/2-1/2"]
[WhiteElo "1668"]
[BlackElo "2035"]
[PlyCount "129"]
[EventDate "2016.12.03"]
[EventType "swiss"]
[EventRounds "9"]
[EventCountry "ESP"]
[SourceTitle "Ajedrez en Madrid"]
[Source "lmi"]
[SourceDate "2016.12.03"]

1. d4 b6 2. c4 Bb7 3. Nf3 g6 4. Nc3 Bg7 5. e4 d6 6. Be3 Nd7 7. Rc1 e6 8. Be2
Ne7 9. O-O h6 10. Ne1 Nf6 11. Bf3 O-O 12. Qa4 Nd7 13. b4 f5 14. exf5 Bxf3 15.
Nxf3 Nxf5 16. Ne2 Nf6 17. c5 Nd5 18. Bd2 Nh4 19. Nxh4 Qxh4 20. cxd6 cxd6 21. b5
Rf7 22. Qc2 Kh7 23. Qd3 Raf8 24. f3 h5 25. Qe4 Qxe4 26. fxe4 Rxf1+ 27. Rxf1
Rxf1+ 28. Kxf1 Nf6 29. Nc3 Kg8 30. h3 Kf7 31. Be3 d5 32. e5 Ne8 33. Ke2 Bf8 34.
a4 Be7 35. Kd3 Bb4 36. Nb1 Ng7 37. Bd2 Be7 38. a5 bxa5 39. Bxa5 Nf5 40. Nc3 Nh4
41. g3 Nf5 42. g4 hxg4 43. hxg4 Nh6 44. g5 Bxg5 45. Na2 Be7 46. Nb4 Bxb4 47.
Bxb4 Ke8 48. Bc5 Kd7 49. Bxa7 Kc7 50. Bc5 Nf5 51. Ke2 Nh6 52. Kf3 Nf7 53. Kg4
Kb7 54. Kf3 Nh6 55. Ke3 Nf5+ 56. Kd3 Nh6 57. Kc3 Nf5 58. Kb4 g5 59. Kc3 g4 60.
Kd3 g3 61. Ke2 Kc8 62. Kf3 Kb7 63. Kg2 Kc7 64. Ba7 Kb7 65. Bc5 1/2-1/2

[Event "18. Open de la Constitución 2016"]
[Site "San Sebastian de los Reyes ES"]
[Date "2016.12.11"]
[Round "9.16"]
[White "Marcos Herrero, Francisco"]
[Black "Del Campo Lobo, Joaquin"]
[Result "0-1"]
[WhiteElo "1996"]
[BlackElo "1680"]
[PlyCount "76"]
[EventDate "2016.12.03"]
[EventType "swiss"]
[EventRounds "9"]
[EventCountry "ESP"]
[SourceTitle "Ajedrez en Madrid"]
[Source "lmi"]
[SourceDate "2016.12.03"]

1. Nf3 Nf6 2. c4 c5 3. Nc3 d6 4. g3 Nc6 5. Bg2 g6 6. O-O Bg7 7. d4 cxd4 8. Nxd4
Bd7 9. Nxc6 Bxc6 10. e4 Nd7 11. Bg5 h6 12. Be3 O-O 13. Rc1 Nc5 14. b4 Ne6 15.
Qd2 Kh7 16. Rfd1 b6 17. Nd5 Rc8 18. h4 Bb7 19. Bh3 Rb8 20. Qe2 Ba6 21. a4 Nc7
22. f4 Nxd5 23. exd5 Bc8 24. Bg2 h5 25. Bf3 Rh8 26. Rd2 Bf5 27. Bxh5 Qd7 28.
Bf3 Qxa4 29. b5 Qb3 30. g4 Bd7 31. Ra2 Rb7 32. Kg2 Rc8 33. Qd2 Rxc4 34. Bd1 Qb4
35. Qe2 Rxc1 36. Bxc1 Rc7 37. Bd2 Qxb5 38. Qxe7 Qxd5+ 0-1

[Event "18. Open de la Constitución 2016"]
[Site "San Sebastian de los Reyes ES"]
[Date "2016.12.11"]
[Round "9.17"]
[White "Martinez Miura, Enrique"]
[Black "Arroyo Martinez, Fernando"]
[Result "1/2-1/2"]
[WhiteElo "1620"]
[BlackElo "1967"]
[PlyCount "110"]
[EventDate "2016.12.03"]
[EventType "swiss"]
[EventRounds "9"]
[EventCountry "ESP"]
[SourceTitle "Ajedrez en Madrid"]
[Source "lmi"]
[SourceDate "2016.12.03"]

1. e4 c5 2. c4 d6 3. Nc3 Nc6 4. g3 g6 5. Bg2 Bg7 6. Nge2 e6 7. O-O Nge7 8. d3
O-O 9. Rb1 Rb8 10. f4 f5 11. Be3 Nd4 12. Bf2 Nec6 13. Nxd4 Nxd4 14. Ne2 e5 15.
Nxd4 exd4 16. b4 b6 17. bxc5 dxc5 18. e5 Bb7 19. Bxb7 Rxb7 20. Qf3 Qe7 21. h4
h6 22. Kg2 h5 23. Qd5+ Kh7 24. Rb2 Rd8 25. Qf3 Qd7 26. Rfb1 Kg8 27. a4 Qc7 28.
a5 Kf7 29. Kh2 Ke6 30. Kg1 Bf8 31. Kh2 Be7 32. Rb3 Rd7 33. Bg1 Bd8 34. Qg2 Qc8
35. Qf3 Rb8 36. Qg2 Ke7 37. Qf3 Ra8 38. axb6 axb6 39. Kh3 Qb7 40. Qxb7 Rxb7 41.
Kg2 Rba7 42. Bf2 Kd7 43. Kf3 Kc6 44. Be1 Ra2 45. R1b2 Ra1 46. Rb1 Rxb1 47. Rxb1
Ra2 48. Rb3 Kb7 49. Rb5 Rh2 50. Bf2 Be7 51. Ke2 Rh1 52. Be1 Rh2+ 53. Bf2 Rh1
54. Be1 Rh2+ 55. Bf2 Rh1 1/2-1/2

[Event "18. Open de la Constitución 2016"]
[Site "San Sebastian de los Reyes ES"]
[Date "2016.12.11"]
[Round "9.18"]
[White "Braziunaite, Rasa"]
[Black "Lozano Freras, Sergio"]
[Result "0-1"]
[WhiteElo "1507"]
[BlackElo "1904"]
[PlyCount "88"]
[EventDate "2016.12.03"]
[EventType "swiss"]
[EventRounds "9"]
[EventCountry "ESP"]
[SourceTitle "Ajedrez en Madrid"]
[Source "lmi"]
[SourceDate "2016.12.03"]

1. b3 e5 2. Bb2 Nc6 3. e3 Nf6 4. Bb5 Bd6 5. Na3 e4 6. Nc4 Be7 7. Bxc6 bxc6 8.
d3 exd3 9. cxd3 Ba6 10. Qc2 Bb4+ 11. Bc3 Qe7 12. a3 Bxc3+ 13. Qxc3 Bxc4 14.
Qxc4 Qe5 15. Rb1 Qa5+ 16. Qb4 Qxb4+ 17. axb4 Nd5 18. Nf3 Nxb4 19. Ke2 O-O 20.
Ne5 d6 21. Nf3 c5 22. Rhc1 Nd5 23. d4 cxd4 24. Nxd4 c5 25. Nb5 Rfd8 26. g3 a6
27. Na3 Kf8 28. e4 Nb4 29. Rd1 Nc6 30. Nc2 Rab8 31. Rd3 Nb4 32. Nxb4 Rxb4 33.
f3 Ke7 34. Kd2 Rdb8 35. Kc2 c4 36. Rc3 Rxb3 37. Rcxb3 Rxb3 38. Rxb3 cxb3+ 39.
Kxb3 Ke6 40. f4 f5 41. exf5+ Kxf5 42. Kc3 Ke4 43. Kd2 d5 44. Ke2 a5 0-1

[Event "18. Open de la Constitución 2016"]
[Site "San Sebastian de los Reyes ES"]
[Date "2016.12.11"]
[Round "9.19"]
[White "Alvarez Gonzalez, Eduardo"]
[Black "Osuna Osuna, Francisco"]
[Result "1-0"]
[WhiteElo "1816"]
[BlackElo "1441"]
[PlyCount "119"]
[EventDate "2016.12.03"]
[EventType "swiss"]
[EventRounds "9"]
[EventCountry "ESP"]
[SourceTitle "Ajedrez en Madrid"]
[Source "lmi"]
[SourceDate "2016.12.03"]

1. d4 f5 2. g3 Nf6 3. Bg2 e6 4. c4 Be7 5. Nf3 O-O 6. O-O d5 7. b3 c6 8. Ba3
Bxa3 9. Nxa3 Ne4 10. Nc2 Nd7 11. Qd3 Qf6 12. Nd2 Qg6 13. Ne1 Ndf6 14. Nef3 Qh6
15. e3 Bd7 16. Ne5 Be8 17. f3 Ng5 18. Rac1 Bg6 19. Qe2 Bh5 20. Qf2 Nf7 21. Rc3
Nxe5 22. dxe5 Nd7 23. f4 Rac8 24. Rfc1 Nb6 25. c5 Nd7 26. b4 a6 27. Nb3 Rf7 28.
Nd4 Nf8 29. a4 g5 30. b5 gxf4 31. exf4 axb5 32. axb5 cxb5 33. Nxb5 Rc6 34. Nd6
Rfc7 35. Qd4 Qg7 36. Rb1 Qe7 37. Rb5 Be2 38. Rb6 Rxb6 39. cxb6 Rxc3 40. Qxc3
Ba6 41. Bf1 Bxf1 42. Kxf1 Qg7 43. Qc7 h5 44. Qxg7+ Kxg7 45. Nxb7 Nd7 46. Nd8
Nxb6 47. Nxe6+ Kf7 48. Nd4 Kg6 49. Kf2 Nc4 50. Ke2 Nb6 51. Kd3 Nc8 52. Nc6 Kf7
53. Kd4 Ke6 54. Kc5 Kf7 55. Kxd5 Nb6+ 56. Kc5 Nd7+ 57. Kd6 Nf8 58. Nd4 Ke8 59.
Nxf5 Kf7 60. Nd4 1-0

[Event "18. Open de la Constitución 2016"]
[Site "San Sebastian de los Reyes ES"]
[Date "2016.12.11"]
[Round "9.20"]
[White "Rial Rodriguez, Marta"]
[Black "Hernandez Recio, Roberto"]
[Result "1/2-1/2"]
[WhiteElo "1412"]
[BlackElo "1800"]
[PlyCount "43"]
[EventDate "2016.12.03"]
[EventType "swiss"]
[EventRounds "9"]
[EventCountry "ESP"]
[SourceTitle "Ajedrez en Madrid"]
[Source "lmi"]
[SourceDate "2016.12.03"]

1. e4 g6 2. d4 Bg7 3. Nf3 c5 4. c3 cxd4 5. cxd4 d5 6. e5 Bg4 7. h3 Bxf3 8. Qxf3
Nc6 9. Qc3 a6 10. Be3 Bxe5 11. dxe5 d4 12. Bxd4 Nxd4 13. Bd3 Rc8 14. Qd2 Qd5
15. O-O Qxe5 16. Re1 Qd6 17. Nc3 Nf6 18. Rad1 O-O 19. Bxg6 hxg6 20. Qxd4 Qxd4
21. Rxd4 e6 22. Red1 1/2-1/2

[Event "18. Open de la Constitución 2016"]
[Site "San Sebastian de los Reyes ES"]
[Date "2016.12.11"]
[Round "9.21"]
[White "Llamas Martinez, Pablo"]
[Black "Camarero Izquierdo, Juan Carlos"]
[Result "0-1"]
[WhiteElo "1411"]
[BlackElo "1760"]
[PlyCount "84"]
[EventDate "2016.12.03"]
[EventType "swiss"]
[EventRounds "9"]
[EventCountry "ESP"]
[SourceTitle "Ajedrez en Madrid"]
[Source "lmi"]
[SourceDate "2016.12.03"]

1. e4 c5 2. d4 cxd4 3. c3 dxc3 4. Nxc3 e6 5. Bc4 Nf6 6. Nf3 Bb4 7. Qb3 Bxc3+ 8.
Qxc3 O-O 9. Qd3 d5 10. exd5 exd5 11. Bb3 Re8+ 12. Be3 Qa5+ 13. Nd2 Bd7 14. Rc1
Na6 15. Qc3 Qb5 16. a4 Qc6 17. Qxc6 Bxc6 18. O-O Nb4 19. Rc3 Ne4 20. Nxe4 Rxe4
21. f3 Ree8 22. Bc5 Na6 23. Bd4 Nc7 24. Rd1 h6 25. Kf1 Red8 26. Ba2 Ne6 27. Bf2
d4 28. Rcd3 Bxa4 29. R1d2 Bb5 30. Bxe6 fxe6 31. Ke1 Bxd3 32. Rxd3 e5 33. f4 e4
34. Rxd4 Rxd4 35. Bxd4 a5 36. Kd2 b5 37. Ke3 Re8 38. Be5 a4 39. Kxe4 b4 40. Kd3
a3 41. g3 a2 42. b3 Rxe5 0-1

[Event "18. Open de la Constitución 2016"]
[Site "San Sebastian de los Reyes ES"]
[Date "2016.12.11"]
[Round "9.22"]
[White "Morata Palacios, Francisco"]
[Black "Gonzalez Morente, Jose A"]
[Result "1-0"]
[WhiteElo "1757"]
[BlackElo "1368"]
[PlyCount "75"]
[EventDate "2016.12.03"]
[EventType "swiss"]
[EventRounds "9"]
[EventCountry "ESP"]
[SourceTitle "Ajedrez en Madrid"]
[Source "lmi"]
[SourceDate "2016.12.03"]

1. e4 d5 2. exd5 Qxd5 3. Nc3 Qd8 4. d4 Nf6 5. Bg5 e6 6. Qd2 Be7 7. O-O-O O-O 8.
f4 a6 9. Qe1 Nbd7 10. Nf3 Re8 11. h3 b5 12. Bd3 Bb7 13. Ne4 Nd5 14. Bxe7 Qxe7
15. Qd2 Nb4 16. Kb1 Nxd3 17. Qxd3 f6 18. Rhe1 Bd5 19. Nc3 Bc4 20. Qe3 b4 21.
Na4 Qf7 22. b3 Bd5 23. Nb2 a5 24. Nd3 Qe7 25. Re2 Ra6 26. Rde1 a4 27. f5 Nf8
28. Nf4 Bxf3 29. gxf3 Kf7 30. fxe6+ Kg8 31. d5 a3 32. Qd4 Rd8 33. Kc1 c6 34.
Qc4 Rb6 35. dxc6 Rc8 36. Nd5 Qa7 37. Nxb6 Qxb6 38. e7+ 1-0

[Event "18. Open de la Constitución 2016"]
[Site "San Sebastian de los Reyes ES"]
[Date "2016.12.11"]
[Round "9.23"]
[White "Vallespin Morales, Antonio"]
[Black "Gil Fernandez, Daniel"]
[Result "0-1"]
[WhiteElo "1281"]
[BlackElo "1777"]
[PlyCount "82"]
[EventDate "2016.12.03"]
[EventType "swiss"]
[EventRounds "9"]
[EventCountry "ESP"]
[SourceTitle "Ajedrez en Madrid"]
[Source "lmi"]
[SourceDate "2016.12.03"]

1. e4 e6 2. d4 d5 3. e5 c5 4. c3 Nc6 5. Nf3 Qb6 6. a4 a5 7. Bb5 cxd4 8. Nxd4
Bd7 9. Be3 Qc7 10. Qh5 g6 11. Qg5 Bh6 12. Qg3 Bxe3 13. fxe3 Qxe5 14. Qxe5 Nxe5
15. Bxd7+ Kxd7 16. O-O f5 17. Nd2 Ne7 18. h3 Rac8 19. Nb5 Nc4 20. Nf3 Nc6 21.
Kf2 Nxb2 22. Rfb1 Nd3+ 23. Ke2 Nde5 24. Ng5 h6 25. Nf3 Nc4 26. Kd3 b6 27. g4
fxg4 28. hxg4 N6e5+ 29. Nxe5+ Nxe5+ 30. Ke2 Nxg4 31. Rd1 Rc4 32. Rf1 Ke7 33.
Rf3 Rf8 34. Rxf8 Kxf8 35. Rf1+ Ke7 36. Kd3 Rxa4 37. Nd4 Ne5+ 38. Kc2 h5 39. Rb1
Nc4 40. Kd3 Ra2 41. Rd1 Nb2+ 0-1

[Event "18. Open de la Constitución 2016"]
[Site "San Sebastian de los Reyes ES"]
[Date "2016.12.11"]
[Round "9.24"]
[White "Lozano Hernanz, Rodrigo"]
[Black "Tarrio Ocana, Jose Manuel"]
[Result "0-1"]
[WhiteElo "1379"]
[BlackElo "1835"]
[PlyCount "72"]
[EventDate "2016.12.03"]
[EventType "swiss"]
[EventRounds "9"]
[EventCountry "ESP"]
[SourceTitle "Ajedrez en Madrid"]
[Source "lmi"]
[SourceDate "2016.12.03"]

1. e4 e6 2. d4 d5 3. exd5 exd5 4. Bd3 Nc6 5. Nf3 Bg4 6. c3 Bd6 7. O-O Nge7 8.
Bg5 f6 9. Bh4 Qd7 10. h3 Be6 11. b4 h5 12. b5 Na5 13. Qd2 g5 14. Bg3 g4 15.
Bxd6 Qxd6 16. Nh2 gxh3 17. g3 Rg8 18. Qe2 O-O-O 19. Re1 Kd7 20. Na3 Rde8 21. c4
dxc4 22. Bxc4 Nxc4 23. Nxc4 Bxc4 24. Qxc4 Rxg3+ 25. Kf1 Rg2 26. Nf3 Reg8 27.
Rac1 h2 28. Nxh2 Rxh2 29. Rxe7+ Kxe7 30. Qxg8 Rh1+ 31. Ke2 Rxc1 32. Qg7+ Kd8
33. Qh8+ Kd7 34. Qh7+ Qe7+ 35. Qxe7+ Kxe7 36. Kd2 Ra1 0-1

[Event "18. Open de la Constitución 2016"]
[Site "San Sebastian de los Reyes ES"]
[Date "2016.12.11"]
[Round "9.28"]
[White "Vazquez Rodriguez, Francisco"]
[Black "Garcia Lopez, Fernando"]
[Result "1-0"]
[WhiteElo "1529"]
[BlackElo "1608"]
[PlyCount "143"]
[EventDate "2016.12.03"]
[EventType "swiss"]
[EventRounds "9"]
[EventCountry "ESP"]
[SourceTitle "Ajedrez en Madrid"]
[Source "lmi"]
[SourceDate "2016.12.03"]

1. e4 e5 2. Nf3 Nc6 3. Bb5 a6 4. Ba4 Nf6 5. d3 b5 6. Bb3 Be7 7. c3 d6 8. Nbd2
O-O 9. Nf1 Bg4 10. h3 Bd7 11. Ng3 Na5 12. Bc2 c5 13. Bd2 Re8 14. O-O g6 15. Re1
Bf8 16. Ng5 c4 17. Nf3 cxd3 18. Bxd3 Nb7 19. b4 Rc8 20. Rc1 Be6 21. a3 Bc4 22.
Bxc4 Rxc4 23. Qb3 Qa8 24. Bg5 Nxe4 25. Nxe4 Rxe4 26. Rxe4 Nc5 27. bxc5 Qxe4 28.
cxd6 Bxd6 29. Re1 Qc4 30. Qxc4 bxc4 31. a4 Kg7 32. Nd2 f6 33. Be3 Rc8 34. Rb1
Ba3 35. Rb7+ Kg8 36. Rb6 f5 37. Nb1 Bc5 38. Bxc5 Rxc5 39. Rxa6 Rd5 40. Rb6 e4
41. g3 Kg7 42. Kf1 g5 43. Ke2 h5 44. Rb5 Rd6 45. Rxf5 Kg6 46. Rb5 Rd3 47. Re5
h4 48. Rxe4 hxg3 49. fxg3 Rxg3 50. h4 Rg2+ 51. Kf3 Rb2 52. Na3 Ra2 53. Nxc4
gxh4 54. Rxh4 Kg5 55. Rg4+ Kf6 56. Re4 Rxa4 57. Ke3 Ra1 58. Kd3 Rh1 59. Nd2
Rh3+ 60. Re3 Rxe3+ 61. Kxe3 Ke5 62. Nb3 Kd5 63. Kd3 Kc6 64. Kc4 Kb6 65. Kd5 Kc7
66. Kc5 Kd7 67. Kb6 Kc8 68. Kc6 Kb8 69. Kd7 Ka7 70. c4 Kb7 71. c5 Kb8 72. c6
1-0

[Event "18. Open de la Constitución 2016"]
[Site "San Sebastian de los Reyes ES"]
[Date "2016.12.11"]
[Round "9.29"]
[White "Karunanithi, Bharath"]
[Black "Pareja Cerrato, Antonio"]
[Result "0-1"]
[WhiteElo "1345"]
[BlackElo "1549"]
[PlyCount "58"]
[EventDate "2016.12.03"]
[EventType "swiss"]
[EventRounds "9"]
[EventCountry "ESP"]
[SourceTitle "Ajedrez en Madrid"]
[Source "lmi"]
[SourceDate "2016.12.03"]

1. d4 d5 2. c4 e6 3. Nf3 c5 4. Nc3 Nf6 5. Bf4 Nh5 6. Be5 f6 7. Bg3 Nxg3 8. hxg3
Qb6 9. Qd2 dxc4 10. e3 cxd4 11. Nxd4 e5 12. Nf3 Be6 13. O-O-O Bb4 14. a3 Be7
15. Nd5 Qc6 16. Nxe7 Kxe7 17. Kb1 Na6 18. Qc3 h6 19. Nd2 b5 20. Be2 Rad8 21.
Bf3 Bd5 22. Bxd5 Rxd5 23. Nf3 Rhd8 24. Rxd5 Qxd5 25. Ka2 Kf7 26. Qa5 c3+ 27. b3
Qd3 28. Rc1 Qe2+ 29. Kb1 Qb2# 0-1

[Event "18. Open de la Constitución 2016"]
[Site "San Sebastian de los Reyes ES"]
[Date "2016.12.11"]
[Round "9.30"]
[White "Ojosnegros Martin, Angel"]
[Black "Medina Balenciaga, Patricio"]
[Result "0-1"]
[WhiteElo "1547"]
[BlackElo "1416"]
[PlyCount "94"]
[EventDate "2016.12.03"]
[EventType "swiss"]
[EventRounds "9"]
[EventCountry "ESP"]
[SourceTitle "Ajedrez en Madrid"]
[Source "lmi"]
[SourceDate "2016.12.03"]

1. e4 e5 2. Nf3 Nc6 3. Bc4 Be7 4. O-O d6 5. Nc3 Bg4 6. Be2 Nf6 7. h3 Bh5 8. d3
O-O 9. Be3 d5 10. exd5 Nxd5 11. Ne4 f5 12. Nc5 Nxe3 13. Nxb7 Nxd1 14. Nxd8
Raxd8 15. Raxd1 e4 16. dxe4 Rxd1 17. Bxd1 fxe4 18. Nd2 e3 19. Bxh5 exd2 20. Be2
Rd8 21. a3 Bf6 22. c3 Re8 23. Bd1 Ne5 24. Bc2 Nc4 25. Bb3 Re1 26. Bxc4+ Kf8 27.
Bb3 Ke7 28. Bd1 Kd6 29. f4 Bh4 30. g4 Kd5 31. Bc2 Bg3 32. f5 Rc1 33. Bd1 Be1
34. Bf3+ Ke5 35. Kg2 d1=Q 36. Bxd1 Rxd1 37. Kf3 Rc1 38. Ke2 Bd2 39. Rf3 Bg5 40.
Kd3 Rd1+ 41. Kc4 Ke4 42. Rf2 Ke3 43. Rc2 Kf3 44. Kb5 Rd6 45. c4 Rb6+ 46. Kc5
Be3+ 47. Kd5 Rd6+ 0-1